[Event "BCF-ch 86th"]
[Site "Scarborough"]
[Date "1999.08.06"]
[Round "6"]
[White "Haslinger, Stewart"]
[Black "Stephenson, F Norman"]
[Result "1-0"]
[WhiteElo "2267"]
[BlackElo "2212"]
[PlyCount "63"]
[EventDate "1999.08.05"]
[EventType "swiss"]
[EventRounds "11"]
[EventCountry "ENG"]
[SourceTitle "CBM 071 Extra"]
[Source "ChessBase"]
[SourceDate "1999.09.14"]
[SourceVersion "1"]
[SourceVersionDate "1999.09.14"]
[SourceQuality "1"]

1. e4 e5 2. Nf3 Nc6 3. d4 exd4 4. Nxd4 Nf6 5. Nxc6 bxc6 6. e5 Qe7 7. Qe2 Nd5 8. c4 Ba6 9. b3 Qh4 10. a3 Bc5 11. Ra2 Bxf2+ 12. Qxf2 Qe4+ 13. Kd2 Qxb1 14. Rb2 Qe4 15. cxd5 Qxd5+ 16. Kc2 Qe4+ 17. Kd1 Bxf1 18. Rxf1 0-0 19. Qe3 Qd5+ 20. Rd2 Qb5 21. Rf3 Rae8 22. Rxd7 Rxe5 23. Qd3 Qa5 24. Qd2 Qc5 25. Qd4 Qb5 26. Qc4 Rd5+ 27. Rxd5 Qxd5+ 28. Qxd5 cxd5 29. Rc3 Rc8 30. Rc6 Kf8 31. Bf4 Rb8 32. Rxc7 1-0